00804cam a2200229Mi 450000500170000000800410001702000180005803500210007604000500009706000110014708000100015810000240016824500970019226000440028930000390033365000440037265000310041665000430044765000480049065000160053870000200055420180118154108.0171112s2011 ag a bi 001 0 spadd a9789871259489 a(OCoLC)934327884 aCO-BoUCMbspacSandra PalaciodSandra Palacio aWS 340 a616.81 aGonzález, Gabriel10aAccidente cerebrovascular en la infancia y adolescenciacGabriel González y Hugo A. Arroyo aBuenos Aires (Argentina)bJournalc2011 axiv,, 370 páginasbilustraciones17aTrastornos cerebrovasculares en niños27aNeurología pediátrica 27aTrastornos cerebrovasculares xNiños27aTrastornos cerebrovasculares xAdolescentes27aPediatría1 aArroyo, Hugo A.